LEADER 01676nam a2200313 i 4500 001 000000122431 003 CaOOAMICUS 005 20040203000000.0 008 040203s2003 gw u000 u ger u 013 $a95126 020 $a3-11-017533-9 040 $aSeMil$bita 245 10$aAdolf Harnack-Marcion :$bDer moderne Gläubige des 2. Jarhunderts, der erste Reformator : Die Dorpater Preisschrift (1870) 250 $aKritische Edition des handschriftlichen Exemplars mit einem Anhang. 260 $aBerlin ; New York :$bDe Gruyter,$ccopyr. 2003. 300 $aXLVII, 446 p. :$bill. ;$c25 cm. 490 0 $aTexte und Untersuchungen zur Geschichte der altchristlichen Literatur ;$vBand149 500 $aContiene : Bibliographie der von Adolf Harnack zitierten Literatur. 600 14$aHarnack, Adolf : von <1851-1930>.$0(OLS)http://semarc/subject/9231 600 04$aMarcione : di Sinope.$0(OLS)http://semarc/subject/19608 700 1 $aSteck, Friedemann.$0(OLS)http://semarc/name/50906 700 1 $aHarnack, Adolf : von,$d<1851-1930>.$0(OLS)http://semarc/name/134 830 0$aTexte und Untersuchungen zur Geschichte der altchristlichen Literatur ;$vBand149.$0(OLS)http://semarc/title/199 850 $aSeMil 852 $aSeMil$W1$xVenegono$y1$m2U IV 246$j77400$B77400$CSeMilBibl$Z2$F79285 $81 961 $aSottoscrizione: De Gruyter 996 $6020$a3-11-017533-9$9(OLS)http://semarc/number/108119 996 $6245$aAdolf Harnack-Marcion :$bDer moderne Gläubige des 2. Jarhunderts, der erste Reformator : Die Dorpater Preisschrift (1870)$9(OLS)http://semarc/title/180374 996 $6260$aBerlin ; New York :$bDe Gruyter$9(OLS)http://semarc/publisher/29892 LEADER 01300nam a2200301 i 4500 001 000000020480 003 CaOOAMICUS 005 20260306141203.0 008 180830s1921 fr u000 u fre u 040 $aSeMil$bita 100 0 $aPlato,$d<427-347 a.C.>.$0(OLS)http://semarc/name/5353 245 13$aLa République /$ctexte établi et traduit par Émile Chambry ; avec une introduction d'Auguste Diès. 300 $av. 490 1 $aCollection des Universités de France 700 0 $aPlato,$d<427-347 a.C.>.$0(OLS)http://semarc/name/5353 700 1 $aDiès, Auguste,$d<1875-1958>.$0(OLS)http://semarc/name/10487 700 1 $aChambry, Émile.$0(OLS)http://semarc/name/9165 773 0 $aPlato <427-347 a.C.>$tOeuvres complètes.$dParis : Les Belles Lettres, 1921-1949.$kCollection des Universités de France$w()20479 774 0 $aPlato <427-347 a.C.>$tLivres 1.3..$w()177413 774 0 $aPlato <427-347 a.C.>$tLivres 4.7..$w()177414 774 0 $aPlato <427-347 a.C.>$tLivres 8.-10..$g2$w()176570 830 0$aCollection des Universités de France.$0(OLS)http://semarc/title/6036 900 0 $aPlatone. 900 0 $aPlatone. 996 $6245$aLa République$9(OLS)http://semarc/title/26990